书目信息 |
| 题名: |
中国古代城市规划、建筑群布局及建筑设计方法研究
|
|
| 作者: | 傅熹年 著 | |
| 分册: | 下 | |
| 出版信息: | 北京 中国建筑工业出版社 2015 |
|
| 页数: | 253-532页 | |
| 开本: | 29cm | |
| 丛书名: | ||
| 单 册: | ||
| 中图分类: | TU984.2 | |
| 科图分类: | ||
| 主题词: | 城市规划--研究--中国--古代 , 建筑设计--研究--中国--古代 | |
| 电子资源: | ||
| ISBN: | 978-7-112-17498-0 | |
| 000 | 00982nam0 2200241 450 | |
| 001 | 0100004905 | |
| 005 | 20180426102900.89 | |
| 010 | @a978-7-112-17498-0@dCNY79.00 | |
| 100 | @a20151030d2015 em y0chiy50 ea | |
| 101 | 0 | @achi |
| 102 | @aCN@b110000 | |
| 105 | @aa z 000yy | |
| 200 | 1 | @a中国古代城市规划、建筑群布局及建筑设计方法研究@h下@f傅熹年著@Azhong guo gu dai cheng shi gui hua 、 jian zhu qun bu ju ji jian zhu she ji fang fa yan jiu |
| 205 | @a2版 | |
| 210 | @a北京@c中国建筑工业出版社@d2015 | |
| 215 | @a253-532页@c图@d29cm | |
| 330 | @a本书分为上、下两册,上册为论文,下册为图册,配有274幅插图。通过对中国古代城市规划、建筑群布局及建筑设计方法的系统研究,发现并向世人展示出“中国古代建筑确有一套规划设计原则、方法和艺术构图规律”。 | |
| 606 | 0 | @a城市规划@x研究@y中国@z古代 |
| 606 | 0 | @a建筑设计@x研究@y中国@z古代 |
| 690 | @aTU984.2@v5 | |
| 701 | 0 | @a傅熹年@f(1933~)@4著@Afu xi nian |
| 801 | 0 | @aCN@c20160515 |
| 905 | @a河南城建学院图书馆@dTU984.2@eF964=2:2 | |
| 中国古代城市规划、建筑群布局及建筑设计方法研究.下/傅熹年著.-2版.-北京:中国建筑工业出版社,2015 |
| 253-532页:图;29cm |
| ISBN 978-7-112-17498-0:CNY79.00 |
| 本书分为上、下两册,上册为论文,下册为图册,配有274幅插图。通过对中国古代城市规划、建筑群布局及建筑设计方法的系统研究,发现并向世人展示出“中国古代建筑确有一套规划设计原则、方法和艺术构图规律”。 |
| ● |
| 相关链接 |
|
|
|
正题名:中国古代城市规划、建筑群布局及建筑设计方
索取号:TU984.2/F964=2:2
 
预约/预借
| 序号 | 登录号 | 条形码 | 馆藏地/架位号 | 状态 | 备注 |
| 1 | 1285215 | 212852153 | 建筑库201/201建筑库 64排2列5层/ [索取号:TU984.2/F964=2:2] | 在馆 | |
| 2 | 1298931 | 212989319 | 建筑与城市规划学院资料室/ [索取号:TU984.2/F964=2:2] | 在馆 |